Szczegóły MARC21

Mistrzowskie zarządzanie ludźmi : tworzenie skutecznego zespołu poprzez motywowanie, wspieranie i przywództwo /

003 -Nazwa inst., której nr kontr. jest w polu 001 [,]
    • @
    • Nazwa instytucji, której n kontrolny jest w polu 001
    • NUKAT
005 -DATA I CZAS OSTATNIEJ MODYFIKACJI [,]
    • @
    • pole kontrolne
    • 20241231110142.0
020 -Międzynarod. znormalizowany nr książki - ISBN [ , ]
    • a
    • Numer ISBN
    • 9788326403255 Find
040 -Instytucja sporządzająca opis [ , ]
    • a
    • Instytucja, która sporządziła opis (NP)
    • Ł 30/ED
    • c
    • Instytucja, która sporządziła rekord (NP)
    • Ł 30/EDs
    • d
    • Instytucja, która zmodyfikowała rekord (P)
    • Ł 30/MS
    • d
    • Instytucja, która zmodyfikowała rekord (P)
    • KR U/KNs
    • d
    • Instytucja, która zmodyfikowała rekord (P)
    • KR 93/BZs
041 -Język dokumentu [1, ]
    • a
    • Język tekstu (P)
    • polski
    • h
    • Język tekstu oryginalnego i/lub pośredniego (P)
    • angielski
942 -Rodzaj dokumentu [ , ]
    • c
    • Rodzaj dokumentu
    • Książka
100 -Hasło główne - nazwa osobowa [1, ]
    • a
    • Nazwa osobowa (NP)
    • Thomas, Mark
    • d
    • Daty biograficzne (NP)
    • (1958- ).
    • 9
    • KHW
    • 9192
245 -Strefa tytułu i oznaczenia odpowiedzialności [1,0]
    • a
    • Tytuł
    • Mistrzowskie zarządzanie ludźmi : Find
    • b
    • Ciąg dalszy tytułu (NP)
    • tworzenie skutecznego zespołu poprzez motywowanie, wspieranie i przywództwo / Find
    • c
    • Pozostałe elementy strefy tytułu i oznaczenia odpowiedzialności (NP)
    • Mark Thomas ; [przeł. Maciej Prostak].
246 -Wariant tytułu [1, ]
    • i
    • Tekst wyświetlany na ekranie monitora (NP)
    • Tyt. oryg.:
    • a
    • Tytuł (NP)
    • Mastering people management :
    • b
    • Ciąg dalszy tytułu (NP)
    • build a successful team - motivate, empower and lead people
260 -Strefa adresu wydawniczego [ , ]
    • a
    • Miejsce wydania (P)
    • Warszawa :
    • b
    • Nazwa wydawcy (P)
    • Oficyna a Wolters Kluwer business,
    • c
    • Data wydania (P)
    • 2010.
300 -Strefa opisu fizycznego [ , ]
    • a
    • Określenie formy książki i/lub objętość (NP)
    • 261 s. :
    • b
    • Oznaczenie ilustracji (NP)
    • il. ;
    • c
    • Format (NP)
    • 21 cm.
336 -Typ zawartości [ , ]
    • a
    • Termin opisujący typ zawartości
    • Tekst
    • b
    • Kod określający zawartość
    • txt
    • 2
    • Źródło (terminu i kodu)
    • rdacontent
337 -Typ mediów [ , ]
    • a
    • Tryb odtwarzania
    • Bez urządzenia pośredniczącego
    • b
    • Kod typu mediów
    • n
    • 2
    • Źródło (terminu i kodu)
    • rdamedia
338 -Typ/rodzaj nośnika [ , ]
    • a
    • Hasło opisujące typ nośnika
    • Wolumin
    • b
    • Kod typu nośnika
    • nc
    • 2
    • Źródło (terminu i kodu)
    • rdacarrier
490 -Strefa serii i książki wielotomowej - forma nie do wyszukiwania [1, ]
    • a
    • Tytuł (P)
    • Biznes Find
830 -Hasło dodatkowe serii i opisu książki wielotomowej - tytuł ujednolicony/tytuł [ ,0]
    • a
    • Tytuł ujednolicony/tytuł (NP)
    • Biznes - Wolters Kluwer Polska
    • 9
    • KHW
    • 40244
080 -Uniwersalna Klasyfikacja Dziesiętna [ , ]
    • 2
    • Identyfikator wydania tablic
    • UDC-P058
    • 9
    • UKD
    • 2170
    • a
    • Symbol klasyfikacji
    • 005.32
    • b
    • Dopowiedzenie
    • Zarządzanie. Psychologia zarządzania. Zachowania organizacyjne.
    • 4
    • UKD2
    • 8168
    • x
    • Poddział wspólny
    • (083.1)
    • c
    • Dopowiedzenie poddz. wspólnego
    • (Przepisy. Instrukcje. Poradniki praktyczne).
650 -Hasło przedmiotowe [ ,7]
    • a
    • Hasło przedmiotowe
    • Motywacja personelu.
    • 2
    • Źródło terminu
    • kaba
    • 9
    • KHW
    • 123509
650 -Hasło przedmiotowe [ ,7]
    • a
    • Hasło przedmiotowe
    • Grupy robocze.
    • 2
    • Źródło terminu
    • kaba
    • 9
    • KHW
    • 110605
650 -Hasło przedmiotowe [ ,7]
    • a
    • Hasło przedmiotowe
    • Uzdolnienia kierownicze.
    • 2
    • Źródło terminu
    • kaba
    • 9
    • KHW
    • 134848
650 -Hasło przedmiotowe [ ,7]
    • a
    • Hasło przedmiotowe
    • Personel
    • x
    • Określnik rzeczowy
    • kierowanie.
    • 2
    • Źródło terminu
    • kaba
    • 9
    • KHW
    • 123506
650 -Hasło przedmiotowe [ ,7]
    • a
    • Hasło przedmiotowe
    • Szefowie przedsiębiorstw.
    • 2
    • Źródło terminu
    • kaba
    • 9
    • KHW
    • 131969
980 -Symbol UKD [ , ]
    • a
    • UKD
    • 005.32(083.1)
700 -Hasło dodatkowe - nazwa osobowa [1, ]
    • a
    • Nazwa osobowa (NP)
    • Prostak, Maciej. Find
    • e
    • Określenie rodzaju współpracy
    • Tł.
    • 9
    • KHW
    • 18033
710 -Hasło dodatkowe - nazwa ciała zbiorowego [2, ]
    • a
    • Nazwa ciała zbiorowego lub nazwa geograficzna jako pierwszy element (NP)
    • Wolters Kluwer Polska.
    • 4
    • Kod relacji
    • pbl
    • 9
    • KHW
    • 52677
856 -Dostęp do wersji elektronicznej [4,8]
856 -Dostęp do wersji elektronicznej [4,1]
    • 3
    • Wyszczególnienie materiału
    • Spis treści
920 -ISBN [ , ]
    • a
    • ISBN
    • 978-83-264-0325-5 Find
Data inwentaryzacji Lokalizacja Sygnatura Numer inwentarzowy Status udost.
2010-09-15BE E.72710-2
2017-02-22BE S.95450-2
2017-02-22BE S.95451-2
2015-04-07TT.18863T.18863-2